| 000 | 01006nmm a2200301 a 4500 | ||
|---|---|---|---|
| 003 | AR-BaBNM | ||
| 005 | 20251128211059.0 | ||
| 008 | 232020s1984 ||||||||||||||000 | spa|| | ||
| 040 | _cAR-BaBNM | ||
| 100 | 1 | _aNigro, Juan Carlos | |
| 245 | 1 | 0 |
_aLa lucha de los maestros _bsemblanza histórica de la confederación de maestros y reseña biográfica de su fundador Luciano Schilling |
| 260 |
_aLanús _bConfederación de Maestros _c1984 |
||
| 300 | 0 | _a166 p. | |
| 500 | 0 | _aContiene en p. 147 el Estatuto de la Confederación de Maestros | |
| 600 | 1 | 4 |
_aSchilling, Luciano _d1874-1944 |
| 610 | 2 | 4 | _aConfederación de Maestros |
| 650 | 4 | _aASOCIACIONES DE DOCENTES | |
| 650 | 4 | _aSINDICATOS DE DOCENTES | |
| 650 | 4 | _aBIENESTAR DEL DOCENTE | |
| 650 | 4 | _aHISTORIA SINDICAL | |
| 650 | 4 | _aHISTORIA DE LA EDUCACION | |
| 650 | 4 | _aBIOGRAFIAS EDUCACIONALES | |
| 650 | 4 | _aLUCHAS SOCIALES | |
| 651 | 4 | _aArgentina | |
| 700 | 1 |
_aNigro, Marcela Evangelina _eilustrador |
|
| 942 | _cBK | ||
| 998 | _calicia | ||
| 999 |
_c18136 _d18136 |
||